Pandit Sriram Sharma Acharya : (Record no. 38045)

MARC details
000 -LEADER
fixed length control field 00658nam a22001937a 4500
005 - DATE AND TIME OF LATEST TRANSACTION
control field 20100728115559.0
010 ## - LCCN (DPL NO)
LC control number ENG-97219
020 ## - INTERNATIONAL STANDARD BOOK NUMBER
International Standard Book Number 9788191031805
Terms of availability 800.00
035 ## - SYSTEM CONTROL NUMBER
System control number ENG-80752
037 ## - SOURCE OF ACQUISITION
Source of stock number/acquisition DBAD/PUB
082 ## - DEWEY DECIMAL CLASSIFICATION NUMBER
Classification number 921
100 ## - MAIN ENTRY--PERSONAL NAME
Personal name Pant, J.C.
245 ## - TITLE STATEMENT
Title Pandit Sriram Sharma Acharya :
Statement of responsibility, etc by J.C. Pant
Remainder of title as i knew him /
260 ## - PUBLICATION, DISTRIBUTION, ETC. (IMPRINT)
Place of publication, distribution, etc New Delhi
Name of publisher, distributor, etc Reacha
Date of publication, distribution, etc 2010
270 ## - ADDRESS
Address Uditayan, Manava Bharati Panchsheel Park (South)
City New Delhi
300 ## - PHYSICAL DESCRIPTION
Extent xv, 351p.:
Other physical details ill.
Dimensions 22cm. (Hb)
942 ## - ADDED ENTRY ELEMENTS (KOHA)
Source of classification or shelving scheme Dewey Decimal Classification
Item type English Books
Classification part 921
Call number suffix PAN
Holdings
Withdrawn status Lost status Not for loan Collection code Home library Current library Date acquired Source of acquisition Cost, normal purchase price Full call number Barcode Copy number Cost, replacement price Koha item type
    Not For Loan Non-fiction D.B.Act.Division D.B.Act.Division 28/07/2010 DBAD/PUB 800.00 921 PAN EN-80752 1 800.00 English Books

© Delhi Public Library
Hit Counter
free hit counter